Preliminary report of the Dutch expedition to Karang Sago (Sumatra) for the Observation of the total solar eclipse of may 1901 (Record no. 652)

MARC details
000 -LEADER
fixed length control field 00678nam a2200193Ia 4500
003 - CONTROL NUMBER IDENTIFIER
control field IN-BaIIA
008 - FIXED-LENGTH DATA ELEMENTS--GENERAL INFORMATION
fixed length control field 211028s9999 xx 000 0 eng d
040 ## - CATALOGING SOURCE
Transcribing agency IIA Library
080 ## - UNIVERSAL DECIMAL CLASSIFICATION NUMBER
Universal Decimal Classification number 523.947:520.86
Item number DUT
100 ## - MAIN ENTRY--PERSONAL NAME
Personal name Julius, W. H.
9 (RLIN) 1410
245 #0 - TITLE STATEMENT
Title Preliminary report of the Dutch expedition to Karang Sago (Sumatra) for the Observation of the total solar eclipse of may 1901
Statement of responsibility, etc. W. H. Julius, T. H. Wilterdink and A. A. Nijland
260 ## - PUBLICATION, DISTRIBUTION, ETC.
Place of publication, distribution, etc. Amsterdam
Name of publisher, distributor, etc. Eclipse Committee
Date of publication, distribution, etc. 1902
300 ## - PHYSICAL DESCRIPTION
Extent [various pagings.]
650 ## - SUBJECT ADDED ENTRY--TOPICAL TERM
Topical term or geographic name entry element Expeditions-Eclipses
9 (RLIN) 1411
650 ## - SUBJECT ADDED ENTRY--TOPICAL TERM
Topical term or geographic name entry element Solar Eclipse
9 (RLIN) 1412
700 ## - ADDED ENTRY--PERSONAL NAME
Personal name Nijland, A. A
9 (RLIN) 1413
700 ## - ADDED ENTRY--PERSONAL NAME
Personal name Wilterdink, T. H
9 (RLIN) 1414
942 ## - ADDED ENTRY ELEMENTS (KOHA)
Koha item type Books
Holdings
Withdrawn status Lost status Damaged status Not for loan Home library Current library Shelving location Date acquired Total Checkouts Full call number Barcode Date last seen Price effective from Koha item type
        IIA Library-Bangalore IIA Library-Bangalore General Stacks     523.947:520.86/ DUT 674 05/11/2021   Books

Powered by Koha